000 00992 a2200253 4500
003 OSt
005 20260410112239.0
008 260223b |||||||| |||| 00| 0 eng d
020 _a9788188285563 (hbk)
037 _cTB
040 _cCRL
_aCRL
041 _2hin
_ahin
084 _aO152,3M80,NI R6
_qCRL
100 _aप्रेमचन्द
_91116491
245 _aनिर्मला
250 _a11वां संस्करण
260 _aनई दिल्ली, भारत:
_bनया साहित्य केन्द्र,
_c2026.
300 _a152पृ.
365 _b595.00
_cINR
650 _aहिन्दी कहानी
650 _aहिन्दी साहित्य
942 _cTB
_2CC
_e11वां संस्करण
_hO152,3M80,NI R6
999 _c1680089
_d1680089